Current La Liga Teams-Sudden Death - Statistics

General Stats
  • This quiz has been taken 51 times
  • The average score is 13 of 20
Answers on the Grid
Answers color-coded by a green-red scale on the quiz's grid according to % correct below.
Real Madrid
FC Barcelona
Villareal
Atlético de Madrid
Espanyol
Real Betis
Rayo Vallecano
Elche
Athletic Club
Getafe
Sevilla
Celta de Vigo
Osasuna
Deportivo Alavés
Levante
Real Oviedo
Osasuna
Valencia
Girona
Mallorca
Boca Juniors
Allianza Lima
Vélez Sarsfield
Racing Santander
Las Palmas
Cádiz
Almería
Toulouse FC
Deportivo La Coruña
Leganes
Real Zaragoza
Real Valladolid
Málaga
Mirandés
Córdoba
Sporting Gijón
Tenerife
AD Ceuta
FC Cartagena
San Lorenzo
 
Answer Stats
Answer % Correct
Athletic Club
83%
FC Barcelona
83%
Real Madrid
81%
Sevilla
81%
Atlético de Madrid
78%
Espanyol
75%
Girona
69%
Valencia
69%
Villareal
69%
Real Betis
67%
Celta de Vigo
61%
Osasuna
61%
Getafe
58%
Mallorca
58%
Rayo Vallecano
58%
Elche
56%
Osasuna
56%
Real Oviedo
50%
Deportivo Alavés
47%
Levante
39%
No matching quizzes found
Score Distribution
Percent of People with Each Score
Percentile by Number Answered
Your Score History
You have not taken this quiz